000 00621nam a22002177a 4500
999 _c6748
_d6748
003 OSt
005 20200311160625.0
008 200311b ||||| |||| 00| 0 eng d
020 _a0750627670
040 _c040a
082 _a532 LAN 1987
100 _aLandau, L.D
_97959
245 _aFluid mechanics :
_bcourse of theoretical physics /
_cL.D Landau, E.M Lifshitz
250 _a2nd.ed. Vol.6
260 _aAmsterdam
_bElsevier
_c1987
300 _axiii, 539;
_bill :
_c20 cm.
504 _aIncludes bibliographical references and index
650 _2Physics
700 _aLifshitz, E. M
_97962
942 _2ddc
_cO_SHELF